000 00363nam a22001577a 4500
003 OSt
005 20170309122844.0
008 170309b xxu||||| |||| 00| 0 eng d
020 _a0201428814
040 _cN/A
100 _aGeorge Beckman
245 _aComputer Confluence
250 _a2nd ed
260 _aNew York
_bAddison-Wesley
_c1999
942 _2lcc
_cBK
999 _c256220
_d256219